NORMAS INTERNACIONALES DE AUDITORIA (Registro nro. 38500)
[ vista simple ]
| 000 -LEADER | |
|---|---|
| fixed length control field | 00909nam a2200181 a 4500 |
| 001 - CONTROL NUMBER | |
| control field | 38500 |
| 005 - DATE AND TIME OF LATEST TRANSACTION | |
| control field | 20180714011801.0 |
| 008 - FIXED-LENGTH DATA ELEMENTS--GENERAL INFORMATION | |
| fixed length control field | 140415s1999 mx 000 0 spa d |
| 020 ## - INTERNATIONAL STANDARD BOOK NUMBER | |
| International Standard Book Number | 9706650121 |
| 041 ## - LANGUAGE CODE | |
| Language code of text/sound track or separate title | spa |
| 082 ## - DEWEY DECIMAL CLASSIFICATION NUMBER | |
| Classification number | 657.45 |
| Item number | NOR |
| 245 00 - TITLE STATEMENT | |
| Title | NORMAS INTERNACIONALES DE AUDITORIA |
| 250 ## - EDITION STATEMENT | |
| Edition statement | 4ed. |
| 260 ## - PUBLICATION, DISTRIBUTION, ETC. | |
| Place of publication, distribution, etc. | MEXICO : |
| Name of publisher, distributor, etc. | INSTITUTO MEXICANO DE CONTADORES PUBLICOS, |
| Date of publication, distribution, etc. | 1999 |
| 300 ## - PHYSICAL DESCRIPTION | |
| Extent | 557 |
| Dimensions | x 16 x 22 |
| 520 ## - SUMMARY, ETC. | |
| Summary, etc. | LA MISION DE IFAC, SEGUN SE DECLARA EN SU CONSTITUCION ES EL DESARROLLO Y ENRIQUECIMIENTO DE UNA PROFESION CONTABLE QUE SEA CAPAZ DE PROPORCIONAR SERVICIOS DE UNA CONSISTENTE ALTA CALIDAD PARA EL INTERES PUBLICO. AL TRABAJAR POR ESTA MISION, EL CONSEJO DE IFAC HA ESTABLECIDO EL COMITE INTERNACIONAL DE PRACTICAS DE AUDITORIA PARA DESARROLLAR Y EMITIR A NOMBRE DEL CONSEJO, NORMAS DE DECLARACIONES DE AUDITORIA Y SERVICIOS RELACIONADOS. |
| 650 14 - SUBJECT ADDED ENTRY--TOPICAL TERM | |
| Topical term or geographic name entry element | AUDITORIA |
| Withdrawn status | Lost status | Source of classification or shelving scheme | Damaged status | Not for loan | Collection code | Home library | Current library | Shelving location | Date acquired | Source of acquisition | Inventory number | Total Checkouts | Full call number | Barcode | Date last seen | Price effective from | Koha item type | Date last checked out |
|---|---|---|---|---|---|---|---|---|---|---|---|---|---|---|---|---|---|---|
| Dewey Decimal Classification | General | Biblioteca Karol Wojtyla | Biblioteca Karol Wojtyla | Sala general | 03/12/2013 | Compra | 151000000000000000021130 | 657.45 NOR | 58004 | 05/01/2026 | 03/12/2013 | Libro | ||||||
| Dewey Decimal Classification | General | Biblioteca Karol Wojtyla | Biblioteca Karol Wojtyla | Sala general | 03/12/2013 | Compra | 151000000000000000021131 | 1 | 657.45 NOR | 59930 | 05/01/2026 | 03/12/2013 | Libro | 04/12/2019 |